| 000 | 01222nam a2200337 4500 | ||
|---|---|---|---|
| 001 | 0000013169 | ||
| 003 | CO-CtgCURN | ||
| 005 | 20250411112906.0 | ||
| 007 | ta | ||
| 008 | 160627s1993 000 0 eng d | ||
| 020 | _a8448101790 | ||
| 040 |
_aCO-CtgCURN _bspa _ccoctgcurn |
||
| 082 | 0 |
_a301 _bR47t |
|
| 100 | 1 | _aRitzer, George. | |
| 245 | 1 | 0 |
_aTeoría sociológica contemporánea / _cGeorge Ritzer , traducción María Teresa Casado Rodríguez. |
| 260 |
_aMadrid : _bMcGraw Hill Interamericana, _c1993. |
||
| 300 | _axxiii, 680 p. | ||
| 336 | _2rdacontent | ||
| 337 |
_2rdamedia _asin mediacion _bn |
||
| 338 |
_2rdacarrier _avolumen _bnc |
||
| 500 | _aIncluye indice\Titulo original. Contemporary sociological theory. | ||
| 504 | _aBibliografia(p. 613-657) | ||
| 505 | 8 | _aGrandes escuelas.--Interacciónismo simbolico.--Skinner.--Teoria sociologica feminista | |
| 650 | 1 | 4 |
_aSociología _ySiglo XX. |
| 700 | 1 |
_aCasado Rodríguez, María Teresa, _eTraductor. |
|
| 908 | _a160627 | ||
| 942 |
_cBK _h301 _iR47t _2ddc _n0 |
||
| 999 |
_c17579 _d17579 |
||